[Event "Titled Tuesday intern op 02nd Apr Late"]
[Site "Chess.com INT"]
[Date "2024.04.02"]
[Round "7"]
[White "Bardyk, Artem"]
[Black "Yurtseven, Melih"]
[Result "0-1"]
[WhiteElo "2238"]
[BlackElo "2333"]
[PlyCount "108"]
[EventDate "2024.04.02"]
[EventType "swiss (blitz)"]
[EventRounds "11"]
[EventCountry "USA"]
[SourceTitle "CB15_2024"]
[SourceDate "2024.04.10"]
[SourceVersion "1"]
[SourceVersionDate "2024.04.10"]
[SourceQuality "1"]

1. e4 e5 2. d4 exd4 3. Qxd4 Nc6 4. Qd3 d5 5. Qxd5 Qxd5 6. exd5 Nb4 7. Bb5+ Bd7 8. Bxd7+ Kxd7 9. Kd1 Nxd5 10. Nf3 Bd6 11. Ke2 Re8+ 12. Kf1 Ngf6 13. c3 Re7 14. Bg5 Rhe8 15. Nbd2 Bf4 16. Bxf6 Nxf6 17. g3 Bxd2 18. Nxd2 Re2 19. Rd1 Kc8 20. Kg2 Ng4 21. Rhf1 Ne3+ 22. Kf3 Nxd1 23. Rxd1 Re1 24. Rxe1 Rxe1 25. Ne4 f6 26. a4 Ra1 27. b3 Rb1 28. Nd2 Rb2 29. Ke2 b6 30. Kd1 Ra2 31. Kc1 Kd7 32. Kd1 Ke6 33. Ke2 Kf5 34. f3 Rb2 35. Kd3 g5 36. Ke3 g4 37. f4 h5 38. Kd3 h4 39. Ke3 h3 40. Kd3 a5 41. Ke3 c6 42. Kd3 b5 43. axb5 cxb5 44. c4 a4 45. bxa4 bxa4 46. Kc3 a3 47. Nb3 Rxh2 48. c5 Ke6 49. Kb4 Rb2 50. Kxa3 Rxb3+ 51. Kxb3 h2 52. f5+ Kd7 53. Kc4 h1Q 54. Kb5 Qc6+ 0-1

[Event "Titled Tuesday intern op 02nd Apr Late"]
[Site "Chess.com INT"]
[Date "2024.04.02"]
[Round "1"]
[White "Ghimoyan, Narek"]
[Black "Bardyk, Artem"]
[Result "0-1"]
[WhiteElo "2168"]
[BlackElo "2238"]
[PlyCount "68"]
[EventDate "2024.04.02"]
[EventType "swiss (blitz)"]
[EventRounds "11"]
[EventCountry "USA"]
[SourceTitle "CB15_2024"]
[SourceDate "2024.04.10"]
[SourceVersion "1"]
[SourceVersionDate "2024.04.10"]
[SourceQuality "1"]

1. d4 d5 2. c4 e6 3. Nf3 Nf6 4. Nc3 h6 5. cxd5 exd5 6. Bf4 Bd6 7. e3 0-0 8. Bxd6 Qxd6 9. h3 Re8 10. Bd3 c6 11. 0-0 Nbd7 12. Qc2 a5 13. Rac1 Nf8 14. Ne5 Ne6 15. f4 Bd7 16. Na4 Rad8 17. Nb6 Qb4 18. Nbxd7 Nxd7 19. Bh7+ Kf8 20. Bf5 Nf6 21. a3 Qd6 22. Qb3 Re7 23. Qb6 Qc7 24. Qb3 Kg8 25. Rc3 Qb8 26. Rfc1 Qa7 27. Bxe6 Rxe6 28. Nd3 Rxe3 29. Nc5 Rxc3 30. Qxc3 Ne4 31. Qe1 Re8 32. Rc2 Qb8 33. Nxe4 Rxe4 34. Rd2 Rxe1+ 0-1

[Event "Titled Tuesday intern op 02nd Apr Late"]
[Site "Chess.com INT"]
[Date "2024.04.02"]
[Round "8"]
[White "Ozates, Tuna"]
[Black "Bardyk, Artem"]
[Result "1-0"]
[WhiteElo "2290"]
[BlackElo "2238"]
[PlyCount "69"]
[EventDate "2024.04.02"]
[EventType "swiss (blitz)"]
[EventRounds "11"]
[EventCountry "USA"]
[SourceTitle "CB15_2024"]
[SourceDate "2024.04.10"]
[SourceVersion "1"]
[SourceVersionDate "2024.04.10"]
[SourceQuality "1"]

1. e4 d5 2. exd5 Qxd5 3. Nc3 Qe5+ 4. Be2 Bg4 5. d4 Bxe2 6. Ngxe2 Qa5 7. 0-0 Nf6 8. Ng3 Nc6 9. Nce4 Nxe4 10. Nxe4 0-0-0 11. c3 e5 12. Qg4+ Kb8 13. dxe5 Qxe5 14. Bf4 Qa5 15. Qg3 f6 16. b4 Qb6 17. a4 Ne7 18. a5 Qc6 19. b5 Qc4 20. b6 Nd5 21. Rfd1 Be7 22. Rd4 Qc6 23. bxc7+ Nxc7 24. Qxg7 Rde8 25. Ng3 Qxc3 26. Rdd1 Qc4 27. Qh6 Rc8 28. Rd7 Bc5 29. Rc1 Qb4 30. Rxc7 Rxc7 31. Bxc7+ Ka8 32. Bf4 Rc8 33. h3 a6 34. Be3 Qa3 35. Bxc5 1-0

[Event "Titled Tuesday intern op 12th Mar Late"]
[Site "Chess.com INT"]
[Date "2024.03.12"]
[Round "1"]
[White "Bardyk, Artem"]
[Black "Rieger, Robert"]
[Result "1-0"]
[WhiteElo "2059"]
[BlackElo "2334"]
[PlyCount "113"]
[EventDate "2024.03.12"]
[EventType "swiss (blitz)"]
[EventRounds "11"]
[EventCountry "USA"]
[SourceTitle "CB12_2024"]
[SourceDate "2023.10.01"]
[SourceVersion "1"]
[SourceVersionDate "2023.10.01"]
[SourceQuality "1"]

1. e4 c5 2. d4 cxd4 3. Qxd4 Nc6 4. Qd3 e6 5. Nc3 Nf6 6. Bf4 d5 7. exd5 Nxd5 8. Nxd5 Qxd5 9. Qxd5 exd5 10. 0-0-0 Be6 11. Ne2 Bc5 12. Bg3 0-0 13. a3 a6 14. Nf4 Rad8 15. Be2 Rfe8 16. Bf3 Nd4 17. Nxe6 fxe6 18. Bg4 g6 19. Be5 Nc6 20. Bg3 Kf7 21. h4 h5 22. Be2 Nd4 23. Bd3 Nf5 24. Bxf5 gxf5 25. Rde1 Rg8 26. Re2 Rc8 27. Kd1 Rg4 28. Rh3 Rcg8 29. Ke1 Bd4 30. c3 Bf6 31. Kd1 f4 32. Bh2 e5 33. g3 f3 34. Rd2 Ke6 35. Kc2 Rc8 36. Kb1 e4 37. Bg1 Rc4 38. Rh1 d4 39. cxd4 Rxd4 40. Rxd4 Bxd4 41. Kc2 Rg8 42. b3 Rc8+ 43. Kd2 Rc3 44. g4 hxg4 45. h5 Rxb3 46. h6 Rxa3 47. h7 Bh8 48. Rh6+ Kd5 49. Bh2 b5 50. Rd6+ Kc5 51. Rd8 Bc3+ 52. Kc2 Kb4 53. h8Q Bxh8 54. Bd6+ Ka4 55. Bxa3 Bf6 56. Rd6 Be5 57. Rxa6# 1-0

[Event "Moscow CCL Winter"]
[Site "Moscow"]
[Date "2024.03.12"]
[Round "7"]
[White "Manvelyan, Mikayel"]
[Black "Bardyk, Artem"]
[Result "1/2-1/2"]
[WhiteElo "2174"]
[BlackElo "2059"]
[PlyCount "224"]
[EventDate "2024.03.08"]
[EventType "tourn"]
[EventRounds "9"]
[EventCountry "RUS"]
[EventCategory "1"]
[SourceTitle "CB13_2024"]
[SourceDate "2024.03.27"]
[SourceVersion "1"]
[SourceVersionDate "2024.03.27"]
[SourceQuality "1"]

1. e4 c5 2. c3 Nf6 3. e5 Nd5 4. Nf3 d6 5. d4 cxd4 6. Bc4 dxe5 7. Nxe5 e6 8. cxd4 Nc6 9. 0-0 Be7 10. Nxc6 bxc6 11. Nc3 0-0 12. Ne4 a5 13. b3 Ba6 14. Qe2 Qb6 15. Nc5 Bxc4 16. bxc4 Nf6 17. Ba3 Rab8 18. Nd7 Nxd7 19. Bxe7 Rfe8 20. Bd6 Rbc8 21. c5 Qd8 22. Rab1 Qh4 23. Rb7 Nf6 24. Rd1 Nd5 25. Qf3 f6 26. g3 Qg5 27. Rdb1 Qg6 28. Re1 Qf5 29. Qxf5 exf5 30. Rxe8+ Rxe8 31. Ra7 Nc3 32. Rxa5 Ne2+ 33. Kg2 Nxd4 34. a4 g5 35. f4 Re2+ 36. Kf1 Rxh2 37. Ra7 Ra2 38. Be7 Ne2 39. fxg5 Nxg3+ 40. Kg1 fxg5 41. Bxg5 f4 42. Bh6 Nh5 43. Rd7 Rxa4 44. Kf2 Ra2+ 45. Kf3 Ra3+ 46. Kf2 Nf6 47. Rd8+ Kf7 48. Bxf4 Ne4+ 49. Kg2 Nxc5 50. Bd6 Ra2+ 51. Kf3 Ne6 52. Rc8 h5 53. Ke4 Rc2 54. Kd3 Rc1 55. Ba3 Ra1 56. Bb2 Ra6 57. Ke4 h4 58. Kf5 Ra5+ 59. Be5 Ng7+ 60. Ke4 Ra4+ 61. Kf3 Ne6 62. Rxc6 Ng5+ 63. Kf2 h3 64. Rf6+ Ke8 65. Rh6 Nf7 66. Rxh3 Nxe5 67. Rh8+ Kf7 68. Ke3 Kf6 69. Rf8+ Nf7 70. Rb8 Nd6 71. Rh8 Ke5 72. Rh5+ Nf5+ 73. Kd3 Rf4 74. Kc3 Kd5 75. Rg5 Rf3+ 76. Kb4 Kc6 77. Kc4 Rf4+ 78. Kd3 Ne7 79. Ke3 Ra4 80. Kd3 Nd5 81. Rg8 Nf6 82. Rg6 Rf4 83. Rg5 Kd6 84. Ra5 Rh4 85. Rg5 Ne4 86. Rg8 Kd5 87. Ke3 Nd6 88. Ra8 Nc4+ 89. Kf3 Ne5+ 90. Ke3 Rh3+ 91. Ke2 Nc6 92. Kd2 Ne5 93. Ke2 Kd4 94. Ra4+ Nc4 95. Ra8 Rh2+ 96. Kf3 Ne5+ 97. Kf4 Rf2+ 98. Kg5 Nf3+ 99. Kf6 Ne5+ 100. Ke6 Nc6 101. Ra4+ Kc5 102. Ra1 Re2+ 103. Kf5 Kd5 104. Kf4 Re4+ 105. Kg3 Nd4 106. Ra5+ Kc4 107. Ra4+ Kc3 108. Ra3+ Nb3 109. Ra8 Nd2 110. Rd8 Nf1+ 111. Kf3 Rd4 112. Rxd4 Kxd4 1/2-1/2

[Event "Moscow CCL Winter"]
[Site "Moscow"]
[Date "2024.03.11"]
[Round "6"]
[White "Bardyk, Artem"]
[Black "Khruschiov, Alexey"]
[Result "1/2-1/2"]
[WhiteElo "2059"]
[BlackElo "2347"]
[PlyCount "117"]
[EventDate "2024.03.08"]
[EventType "tourn"]
[EventRounds "9"]
[EventCountry "RUS"]
[EventCategory "1"]
[SourceTitle "CB13_2024"]
[SourceDate "2024.03.27"]
[SourceVersion "1"]
[SourceVersionDate "2024.03.27"]
[SourceQuality "1"]

1. b3 e5 2. Bb2 Nc6 3. c4 Nf6 4. Nf3 e4 5. Nd4 Bc5 6. Nf5 0-0 7. e3 d5 8. cxd5 Bxf5 9. dxc6 bxc6 10. Na3 a5 11. Rc1 Nd7 12. Be2 Qg5 13. Kf1 Be6 14. Nc4 f5 15. h4 Qh6 16. g3 Bd5 17. Rg1 Qe6 18. Qc2 Rfb8 19. Qc3 Qf7 20. Ne5 Nxe5 21. Qxc5 Nd3 22. Bxd3 exd3 23. Qd4 Rb4 24. Qxd3 a4 25. Qc3 Rg4 26. d3 h6 27. Ke2 Qh5 28. Kd2 axb3 29. axb3 Rb8 30. Ra1 Rb7 31. Qe5 Rxb3 32. Ra7 Qf7 33. Bc3 Rgb4 34. Rb1 Rb7 35. Rba1 c5 36. Ra8+ Rb8 37. Rxb8+ Rxb8 38. Ra7 Rb7 39. Ra5 c6 40. Rxc5 Ra7 41. Bd4 Ra2+ 42. Rc2 Bf3 43. Rxa2 Qxa2+ 44. Bb2 Qf7 45. e4 fxe4 46. dxe4 Kh7 47. Bc3 c5 48. Ke3 Bh1 49. f4 Qg6 50. f5 Qg4 51. Qf4 Qd1 52. Qf2 Qb1 53. f6 Qxe4+ 54. Kd2 Qd5+ 55. Kc1 Bf3 56. Qe3 Bh5 57. Qe7 Qf7 58. g4 gxf6 59. Qxf7+ 1/2-1/2

[Event "Moscow CCL Winter"]
[Site "Moscow"]
[Date "2024.03.10"]
[Round "5"]
[White "Sitnikov, Anton"]
[Black "Bardyk, Artem"]
[Result "1/2-1/2"]
[WhiteElo "2370"]
[BlackElo "2059"]
[PlyCount "43"]
[EventDate "2024.03.08"]
[EventType "tourn"]
[EventRounds "9"]
[EventCountry "RUS"]
[EventCategory "1"]
[SourceTitle "CB13_2024"]
[SourceDate "2024.03.27"]
[SourceVersion "1"]
[SourceVersionDate "2024.03.27"]
[SourceQuality "1"]

1. e4 e5 2. Nc3 Nc6 3. Bc4 Nf6 4. d3 Na5 5. Bb3 Nxb3 6. axb3 d5 7. exd5 Nxd5 8. Qh5 Nxc3 9. Qxe5+ Be7 10. Qxc3 0-0 11. Ne2 Bf6 12. Qd2 b6 13. 0-0 Bb7 14. f3 Re8 15. Ng3 Be5 16. Kh1 c5 17. Ra4 Qc7 18. Rg4 Bc8 19. Re4 Bb7 20. Rg4 Bc8 21. Re4 Bb7 22. Rg4 1/2-1/2

[Event "Titled Tuesday intern op 27th Feb Late"]
[Site "Chess.com INT"]
[Date "2024.02.27"]
[Round "3"]
[White "Andreikin, Dmitry"]
[Black "Bardyk, Artem"]
[Result "1-0"]
[WhiteElo "2729"]
[BlackElo "2192"]
[PlyCount "47"]
[EventDate "2024.02.27"]
[EventType "swiss (blitz)"]
[EventRounds "11"]
[EventCountry "USA"]
[SourceTitle "CB10_2024"]
[SourceDate "2024.03.06"]
[SourceVersion "1"]
[SourceVersionDate "2024.03.06"]
[SourceQuality "1"]

1. c4 Nf6 2. Nc3 e6 3. e4 e5 4. Nf3 Nc6 5. Be2 Bc5 6. Nxe5 Nxe5 7. d4 Bxd4 8. Qxd4 d6 9. Bg5 h6 10. Bh4 Be6 11. 0-0-0 Ng6 12. Bxf6 Qxf6 13. Qxf6 gxf6 14. g3 Ne7 15. f4 0-0-0 16. f5 Bd7 17. Bh5 Rdf8 18. Kd2 Rhg8 19. Ke3 Rg5 20. g4 Rg7 21. Kf4 Bc6 22. b4 Kd8 23. c5 Kd7 24. b5 1-0